| 000 | 00571nam a22001937a 4500 | ||
|---|---|---|---|
| 003 | DO-CoUTE | ||
| 005 | 20260427174728.0 | ||
| 008 | 260427b dr ||||| |||| 00| 0 spa d | ||
| 040 |
_aDO-CoUTE _bspa _cDO-CoUTE |
||
| 082 | _aRD 861.5S267C | ||
| 100 | 1 |
_aSaviñón, Petra _eAutor |
|
| 245 | 1 | 0 |
_aEntre Brumas / _cPetra Brumas |
| 260 |
_aRepublica Dominicana ; _bEditorial Abril, _c2006 |
||
| 300 |
_a111 Paginas : _c23cm, |
||
| 504 | _aIncluye referencia bibliográfica e índice. | ||
| 650 | 4 | _aPoema | |
| 700 | 1 |
_aPetra Serviñon _eAutor |
|
| 942 |
_2ddc _cBK |
||
| 999 |
_c24142 _d24142 |
||